000 00634nam a2200217Ia 4500
005 20250425160731.0
008 250425s9999 xx 000 0 und d
041 _aspa
100 _aDONAGHY, P. J
245 0 _aDICCIONARIO DE TERMINOS USADOS EN INFORMES FINANCIEROS : ESPANOL-INGL ES, INGLES-ESPANOL
250 _aS.E.
260 _aBILBAO
260 _aEspaña
_bEdiciones Deusto
_c1983
300 _a222
500 _a23932 s/4900 TCNLBR. POST-GRADO
650 _aBOLSA DE VALORES-INVERSIONES
650 _aDICCIONARIOS INGLES-ESPAÑOL
650 _aINFORMES FINANCIEROS-DICCIONARIOS
942 _c01
010 _a3758
999 _c195065
_d195065